00370nam a2200145Ia 4500008004100000020001500041041001200056082001100068100001400079245005800093260003600151300000800187650001600195700001300211221030s9999 xx 000 0 und d a813150218X aEnglish a105.23 aD. Graham 0aFoundations of Software testing - ISTQB Certification bThomson LearningaBostonc2007 a258 aBE Computer aI. Evans